A Text book of engineering drawing (Geometrical drawing) (Record no. 952)

MARC details
000 -LEADER
Fixed length control field 00495nam a2200181 4500
003 - CONTROL NUMBER IDENTIFIER
Control field SEACOMEC
005 - DATE AND TIME OF LATEST TRANSACTION
Control field 20240430112747.0
008 - FIXED-LENGTH DATA ELEMENTS--GENERAL INFORMATION
Fixed length control field 240430b |||||||| |||| 00| 0 eng d
020 ## - INTERNATIONAL STANDARD BOOK NUMBER / ISBN
International Standard Book Number 9788185749624
Price Rs.220.00
040 ## - CATALOGING SOURCE
Original cataloging agency SEACOMEC
082 ## - DEWEY DECIMAL CLASSIFICATION NUMBER
Classification number 620.0222
Book Number G475
100 ## - MAIN ENTRY--PERSONAL NAME
Personal name Gill, P S
245 1# - TITLE STATEMENT
Title A Text book of engineering drawing (Geometrical drawing)
Statement of responsibility P S Gill
250 ## - EDITION STATEMENT
Edition statement 11th ed.
260 ## - IMPRINT
Place of publication New Delhi
Name of publisher S K Kataria
Date of publication 2006
650 ## - SUBJECT ADDED ENTRY--TOPICAL TERM
Topical term ENGINEERING DRAWING
942 ## - ADDED ENTRY ELEMENTS (KOHA)
Koha item type Books
Holdings
Withdrawn status Lost status Source of classification Damaged status Not for loan Home library Current library Date acquired Total Checkouts Call number Accession number Date last seen Price effective from Koha item type Copy number
    Dewey Decimal Classification     SEACOM ENGINEERING COLLEGE SEACOM ENGINEERING COLLEGE 13/06/2006   620.0222 G475 3810 30/04/2024 30/04/2024 Books  
    Dewey Decimal Classification     SEACOM ENGINEERING COLLEGE SEACOM ENGINEERING COLLEGE 13/06/2006   620.0222 G475 3811 30/04/2024 30/04/2024 Books 1
    Dewey Decimal Classification     SEACOM ENGINEERING COLLEGE SEACOM ENGINEERING COLLEGE 13/06/2006   620.0222 G475 3812 30/04/2024 30/04/2024 Books 2
    Dewey Decimal Classification     SEACOM ENGINEERING COLLEGE SEACOM ENGINEERING COLLEGE 13/06/2006   620.0222 G475 3813 30/04/2024 30/04/2024 Books 3
    Dewey Decimal Classification     SEACOM ENGINEERING COLLEGE SEACOM ENGINEERING COLLEGE 13/06/2006   620.0222 G475 3814 30/04/2024 30/04/2024 Books 4
    Dewey Decimal Classification     SEACOM ENGINEERING COLLEGE SEACOM ENGINEERING COLLEGE 13/06/2006   620.0222 G475 3815 30/04/2024 30/04/2024 Books 5
    Dewey Decimal Classification     SEACOM ENGINEERING COLLEGE SEACOM ENGINEERING COLLEGE 13/06/2006   620.0222 G475 3816 30/04/2024 30/04/2024 Books 6
© Seacom Engineering College, All rights reserved.      Powered by Koha